Statistics for Phonetic Alphabet

Click here to take the quiz!

General Stats

  • This quiz has been taken 642 times
  • The average score is 19 of 26

Answer Stats

Answer% Correct
AAlpha
97%
CCharlie
92%
DDelta
91%
BBravo
89%
FFoxtrot
82%
EEcho
80%
LLima
76%
XX-Ray
76%
IIndia
75%
JJuliet
74%
TTango
73%
ZZulu
73%
HHotel
72%
RRomeo
71%
SSierra
69%
KKilo
68%
GGolf
66%
OOscar
66%
YYankee
64%
MMike
63%
QQuebec
63%
NNovember
62%
WWhiskey
62%
PPapa
60%
UUniform
60%
VVictor
58%

Score Distribution

Percentile by Number Answered

Percent of People with Each Score

Your Score History

You have not taken this quiz